Tools and techniques for strategic management
Kaydedildi:
| Yazar: | |
|---|---|
| Materyal Türü: | Kitap |
| Dil: | Undetermined |
| Baskı/Yayın Bilgisi: |
Oxford
Pergamon Press
1985
|
| Konular: | |
| Etiketler: |
Etiketle
Etiket eklenmemiş, İlk siz ekleyin!
|
| Thư viện lưu trữ: | Trung tâm Học liệu Trường Đại học Cần Thơ |
|---|
| LEADER | 00491nam a2200181Ia 4500 | ||
|---|---|---|---|
| 001 | CTU_86148 | ||
| 008 | 210402s9999 xx 000 0 und d | ||
| 082 | |a 658.4 | ||
| 082 | |b M169 | ||
| 100 | |a McNamee, Patrick B. | ||
| 245 | 0 | |a Tools and techniques for strategic management | |
| 245 | 0 | |c Patrick B. McNamee | |
| 260 | |a Oxford | ||
| 260 | |b Pergamon Press | ||
| 260 | |c 1985 | ||
| 650 | |a Business planning | ||
| 904 | |i Năm | ||
| 980 | |a Trung tâm Học liệu Trường Đại học Cần Thơ | ||